Most Valuable Non-QB for Each NFL Team (2015) - Statistics

General Stats
  • This quiz has been taken 5,166 times
  • The average score is 18 of 32
Answer Stats
Team Pos. Player % Correct
Atlanta Falcons WR Julio Jones
97%
Arizona Cardinals CB Patrick Peterson
95%
Minnesota Vikings RB Adrian Peterson
94%
Cincinnati Bengals WR A.J. Green
86%
New England Patriots TE Rob Gronkowski
85%
Dallas Cowboys WR Dez Bryant
84%
Pittsburgh Steelers WR Antonio Brown
81%
Houston Texans DE J.J. Watt
78%
New York Giants WR Odell Beckham, Jr.
77%
Seattle Seahawks CB Richard Sherman
76%
Carolina Panthers ILB Luke Kuechly
74%
Kansas City Chiefs RB Jamaal Charles
72%
Baltimore Ravens OLB Terrell Suggs
70%
New York Jets CB Darrelle Revis
69%
Chicago Bears RB Matt Forte
68%
Green Bay Packers OLB Clay Matthews
63%
Tampa Bay Buccaneers DT Gerald McCoy
61%
Cleveland Browns CB Joe Haden
55%
San Francisco 49ers TE Vernon Davis
55%
Indianapolis Colts RB Frank Gore
48%
Buffalo Bills DE Mario Williams
45%
Miami Dolphins DE Cameron Wake
43%
Oakland Raiders S Charles Woodson
42%
San Diego Chargers S Eric Weddle
42%
Philadelphia Eagles RB DeMarco Murray
41%
Detroit Lions S Glover Quin
37%
Washington Redskins OLB Ryan Kerrigan
31%
Denver Broncos DE Malik Jackson
23%
Tennessee Titans OLB Brian Orakpo
20%
St. Louis Rams DE Chris Long
16%
Jacksonville Jaguars DT Sen’Derrick Marks
8%
New Orleans Saints CB Brandon Browner
7%
No matching quizzes found
Score Distribution
Percent of People with Each Score
Percentile by Number Answered
Your Score History
You have not taken this quiz